00428 2200181 4500001002100000008004100021035002000062245003800082250001000120260002200130300001500152020001800167084001600185082001000201650001300211990001100224990001100235INLIS000000000000472 ind  a0010-0722000021 aGet Your Great SuccesscVicynthia acet:1 bMedia Booksc2014 a177c18 cm a9786029869583 a158.1 VIC g a158.1 aMotivasi aDI.228 aDI.229